000 00950nam a2200253 a 4500
005 20070209063634.0
008 060905s2006 ii b b 001 0 eng
010 _aENG-93445
020 _a8188683744
_c680.00
020 _a9788188683741
_c680.00
035 _aEN-76978
037 _bDBAD / PUB
040 _adpl
_bEnglish
082 _a305.42
100 _aDhaka, Sunita
245 _aBehind the veil:
_cby Sunita Dhaka [and] Rajvir S. Dhaka
_bdalit women in Panchayati Raj /
260 _aDelhi
_bAbhijeet Publications
_c2005
270 _a2/46 Tukhmeerpur Extension
_bDelhi
_e110094
300 _axvi, 327p.
_c22cm (Hb)
500 _aIncludes bibliographical references
700 _aDhaka, Rajvir S.
942 _2ddc
_cEN
_mDHA
_h305.42
999 _c26130
_d26130